000
00182nam a22000857a 4500
082
_a
823
100
_a
CBSE
245
_a
SECONDARY SCHOOL CURRICULUM MAIN SUBJECTS
_b
VOL 1 - 2
942
_c
BK
999
_c
8443
_d
8443